Economic develpment in Africa report 2011 : fostering industrial development in Africa in the new global environment.

Bibliographic Details
Corporate Author: United Nations conference on Trade and Development
Format: Book
Published: [S.I]: United Nations, 2011.
Subjects:
LEADER 00761cam a2200193 7i4500
001 0000027119
005 20111025090000.0
020 0 0 |a 9789211128253  
022 0 0 |a 1990-5114 
090 0 0 |a AFRI 338.96   |b ECO 
245 0 0 |a Economic develpment in Africa report 2011 :   |b fostering industrial development in Africa in the new global environment. 
260 0 0 |a [S.I]:   |b United Nations,   |c 2011. 
300 # # |a 123p. 
650 0 0 |a Economic development --   |x Periodicals --   |z Africa  
650 0 0 |a Economic development --   |x Government policy --   |z Africa  
650 0 0 |a Developing countries --   |x Foreign economic relations --   |z Africa  
651 0 0 |a Africa  
710 2 0 |a United Nations conference on Trade and Development  
999 |a 0000029257  |b Book  |c Regions  |e Business Information Centre